000 01084nam0a22002411i 4500
001 rc\777545
005 20240726021007.0
035 _a(NLR Aleph) 006303618
090 _a7277409
_c7277409
100 _a20040301d1983 u |0rusy50 ca
101 0 _arus
102 _aRU
105 _ay |||||||||
200 1 _aПланомерная интенсификация как объективный процесс развития социалистической экономики на современном этапе
_e(На прим. сел. хоз-ва Республики Куба)
_eАвтореф. дис. на соиск. учен. степ. канд. экон. наук
_e(08.00.01)
210 _aКиев
_d1983
215 _a24 с.
300 _aВ надзаг.: Киев. гос. ун-т им. Т.Г. Шевченко
320 _aБиблиогр.: с. 24 (5 назв.)
700 1 _aАрментерос Акоста
_bМ. дель К.
_gМария дель Кармен
801 0 _aRU
_bNLR
_gpsbo
801 1 _aRU
_bELAR
_2rusmarc
852 _aNLR
_j84-4/11771
942 _cBOOK